000 00697nam a2200241Ia 4500
003 OSt
005 20220918204406.0
006 a|||||r|||| 00| 0
007 ta
008 220917b |||||||| |||| 00| 0 eng d
024 _a112,464
037 _cTextual
040 _aARTS
_cARTS
_beng
041 _2eng
_aeng
082 _aV52,4N21xM91:g(T), L9
100 _aEntwistle Harold
_9111875
245 0 _aAntonio Gramsci
_b conservative schooling for radical politics
260 _aLondon
_bRoutledge and Kegan Paul
_c1979
300 _aviii,207p.
_ccm.
650 _aHISTORY
942 _hV52,4N21xM91:g(T), L9
_cTEXL
_2CC
999 _c235813
_d235813